<?xml version="1.0" encoding="UTF-8"?>
<record
    xmlns:xsi="http://www.w3.org/2001/XMLSchema-instance"
    xsi:schemaLocation="http://www.loc.gov/MARC21/slim http://www.loc.gov/standards/marcxml/schema/MARC21slim.xsd"
    xmlns="http://www.loc.gov/MARC21/slim">

  <leader>01402nam a2200325   4500</leader>
  <controlfield tag="001">199</controlfield>
  <controlfield tag="003">OSt</controlfield>
  <controlfield tag="005">20250528074014.0</controlfield>
  <controlfield tag="008">250203b        |||||||e |||| 00| 1 eng d</controlfield>
  <datafield tag="020" ind1=" " ind2=" ">
    <subfield code="a">8586075027</subfield>
  </datafield>
  <datafield tag="040" ind1=" " ind2=" ">
    <subfield code="b">por</subfield>
  </datafield>
  <datafield tag="041" ind1=" " ind2=" ">
    <subfield code="h">ger</subfield>
    <subfield code="a">por</subfield>
  </datafield>
  <datafield tag="082" ind1=" " ind2=" ">
    <subfield code="a">833</subfield>
    <subfield code="b">D355p</subfield>
  </datafield>
  <datafield tag="100" ind1="1" ind2=" ">
    <subfield code="a">Delius, Friedrich Christian,</subfield>
    <subfield code="d">1943-2022</subfield>
    <subfield code="9">364</subfield>
  </datafield>
  <datafield tag="240" ind1=" " ind2=" ">
    <subfield code="a">Die Biernen von Ribbeck</subfield>
  </datafield>
  <datafield tag="245" ind1=" " ind2=" ">
    <subfield code="a">As p&#xEA;ras de Ribbeck /</subfield>
    <subfield code="c">Delius, Friedrich Christian ; Tradu&#xE7;&#xE3;o de Jo&#xE3;o Azenha Jr. e Gisela Eckschmidt</subfield>
  </datafield>
  <datafield tag="260" ind1=" " ind2=" ">
    <subfield code="a">S&#xE3;o Paulo</subfield>
    <subfield code="b">Nova Alexandria</subfield>
    <subfield code="c">1997</subfield>
  </datafield>
  <datafield tag="300" ind1=" " ind2=" ">
    <subfield code="a">96 p.</subfield>
  </datafield>
  <datafield tag="520" ind1=" " ind2=" ">
    <subfield code="a">Este romance retrata as transforma&#xE7;&#xF5;es ocorridas ap&#xF3;s um dos eventos mais importantes do s&#xE9;culo vinte: a queda do muro de Berlin. Nesta obra, uma pequena comunidade, antes pertencente &#xE0; Alemanha comunista, v&#xEA;-se invadida por grupos de turistas alem&#xE3;es ocidentais com suas quinquilharias e h&#xE1;bitos de consumo desenfreado. Um livro que obriga a uma reflex&#xE2;o profunda sobre nossa hist&#xF3;ria recente e que revela um dos grandes autores contempor&#xE2;neos da Alemanha.
</subfield>
  </datafield>
  <datafield tag="650" ind1=" " ind2="0">
    <subfield code="a">Literatura Alem&#xE3;</subfield>
    <subfield code="9">365</subfield>
  </datafield>
  <datafield tag="650" ind1=" " ind2="0">
    <subfield code="a">Politica</subfield>
    <subfield code="9">138</subfield>
  </datafield>
  <datafield tag="650" ind1=" " ind2="0">
    <subfield code="a">Hist&#xF3;rico</subfield>
    <subfield code="9">53</subfield>
  </datafield>
  <datafield tag="650" ind1=" " ind2="0">
    <subfield code="a">Experi&#xEA;ncia de vida</subfield>
    <subfield code="9">188</subfield>
  </datafield>
  <datafield tag="650" ind1=" " ind2="0">
    <subfield code="a">Fatos Reais</subfield>
    <subfield code="9">33</subfield>
  </datafield>
  <datafield tag="655" ind1=" " ind2="0">
    <subfield code="a">Romance</subfield>
    <subfield code="9">23</subfield>
  </datafield>
  <datafield tag="655" ind1=" " ind2="0">
    <subfield code="a">Fic&#xE7;&#xE3;o </subfield>
    <subfield code="9">22</subfield>
  </datafield>
  <datafield tag="700" ind1=" " ind2=" ">
    <subfield code="a">Jo&#xE3;o Azenha Jr. </subfield>
    <subfield code="d">Tradutor</subfield>
    <subfield code="9">366</subfield>
  </datafield>
  <datafield tag="700" ind1=" " ind2=" ">
    <subfield code="a">Gisela Eckschimidt</subfield>
    <subfield code="e">Tradutor</subfield>
    <subfield code="9">367</subfield>
  </datafield>
  <datafield tag="942" ind1=" " ind2=" ">
    <subfield code="2">ddc</subfield>
    <subfield code="n">0</subfield>
    <subfield code="c">BK</subfield>
  </datafield>
  <datafield tag="952" ind1=" " ind2=" ">
    <subfield code="0">0</subfield>
    <subfield code="1">0</subfield>
    <subfield code="2">ddc</subfield>
    <subfield code="4">0</subfield>
    <subfield code="7">0</subfield>
    <subfield code="8">FIC</subfield>
    <subfield code="a">BIBIB</subfield>
    <subfield code="b">BIBIB</subfield>
    <subfield code="c">LE</subfield>
    <subfield code="d">2002-09-19</subfield>
    <subfield code="e">doa&#xE7;&#xE3;o</subfield>
    <subfield code="l">0</subfield>
    <subfield code="o">833 / D355p</subfield>
    <subfield code="p">2025-1911</subfield>
    <subfield code="r">2025-01-31 07:47:58</subfield>
    <subfield code="w">2025-01-31</subfield>
    <subfield code="y">BK</subfield>
  </datafield>
  <datafield tag="999" ind1=" " ind2=" ">
    <subfield code="c">199</subfield>
    <subfield code="d">199</subfield>
  </datafield>
</record>
